[Event "Titled Tuesday intern op 11th Jan"]
[Site "Chess.com INT"]
[Date "2022.01.11"]
[Round "4"]
[White "Chigaev, Maksim"]
[Black "Khanin, Semen"]
[Result "1-0"]
[WhiteElo "2631"]
[BlackElo "2509"]
[PlyCount "69"]
[EventDate "2022.01.11"]
[EventType "swiss (blitz)"]
[EventRounds "11"]
[EventCountry "USA"]
[SourceTitle "CBM 206 Extra"]
[Source "ChessBase"]
[SourceDate "2022.03.31"]
[SourceVersion "1"]
[SourceVersionDate "2022.03.31"]
[SourceQuality "1"]

1. Nf3 Nf6 2. c4 e6 3. g3 a6 4. Bg2 b5 5. b3 Bb7 6. O-O Be7 7. Bb2 O-O 8. d4 c5 ({RR} 8... d6 9. Nc3 b4 10. Na4 Nbd7 11. d5 exd5 12. Nh4 c5 13. cxd5 Re8 14. Nf5 Bf8 15. Re1 g6 16. Ne3 Rxe3 17. fxe3 Qe7 18. Qd3 Re8 19. Rf1 Bh6 20. e4 Nxe4 21. Rad1 Nef6 22. e4 Nxe4 23. Rde1 {Sibashvili,G (2409)-Fier,A (2534) chess.com INT 2025 0-1 (37)}) 9. d5 exd5 10. Nh4 g6 $146 ({RR} 10... Ne4 11. Bxe4 dxe4 12. Nf5 Bf6 13. Qc1 Nc6 14. Rd1 e3 15. fxe3 b4 16. Nd2 Ne5 17. Nd6 Bc6 18. N2e4 Ng4 19. Nxf6+ Nxf6 20. Nf5 Re8 21. Nxg7 Kxg7 22. Rf1 Re6 23. e4 h6 24. Qf4 Qe7 25. Rf2 {Dubov,D (2716)-Carlsen,M (2835) chess.com INT 2023 1-0 (57)}) 11. Nc3 b4 12. Nxd5 Nxd5 13. Bxd5 Bxd5 14. Qxd5 Nc6 15. Ng2 Re8 16. Ne3 Nd4 17. Bxd4 cxd4 18. Qxd4 Bf6 19. Qd3 Bxa1 20. Rxa1 Qf6 21. Rc1 a5 22. Nd5 Qe5 23. e3 Ra6 24. Rd1 Qe4 25. Nc7 Rc6 26. Nxe8 Qxe8 27. Qxd7 Qe4 28. Qd8+ Kg7 29. Qd4+ Qxd4 30. exd4 a4 31. d5 Rc8 32. d6 axb3 33. axb3 Kf6 34. d7 Rd8 35. c5 1-0

[Event "Titled Tuesday intern op 11th Jan"]
[Site "Chess.com INT"]
[Date "2022.01.11"]
[Round "8"]
[White "Hakobyan, Aram"]
[Black "Sjugirov, Sanan"]
[Result "1-0"]
[WhiteElo "2602"]
[BlackElo "2680"]
[PlyCount "81"]
[EventDate "2022.01.11"]
[EventType "swiss (blitz)"]
[EventRounds "11"]
[EventCountry "USA"]
[SourceTitle "CBM 206 Extra"]
[Source "ChessBase"]
[SourceDate "2022.03.31"]
[SourceVersion "1"]
[SourceVersionDate "2022.03.31"]
[SourceQuality "1"]

1. b3 d5 2. Bb2 Nf6 3. Nf3 Bf5 4. Nh4 Bd7 5. g3 c5 6. Bg2 e6 7. c4 Nc6 8. O-O d4 9. e3 Be7 $146 ({RR} 9... e5 10. exd4 exd4 11. Re1+ Be7 12. Qe2 Bg4 13. f3 Bd7 14. f4 Bg4 15. Nf3 O-O 16. h3 Bd7 17. d3 Re8 18. Na3 a6 19. Nc2 Bd6 20. Qf2 Qb6 21. Nd2 a5 22. g4 a4 23. Ne4 Nxe4 24. dxe4 {Tangatov,N (2257)-Dumanuly,S (2096) Almaty KAZ 2025 ½-½ (50)}) 10. exd4 cxd4 11. d3 O-O 12. a3 a5 13. Nd2 Re8 14. f4 Bf8 15. Qe2 Rb8 16. Ne4 b5 17. c5 Nxe4 18. Bxe4 f5 19. Bg2 Rc8 20. Rac1 b4 21. a4 g6 22. Rc4 Bg7 23. Nf3 e5 24. fxe5 Nxe5 25. Nxe5 Rxe5 26. Qc2 Be6 27. Bxd4 Re2 28. Qxe2 Bxd4+ 29. Kh1 Bxc4 30. dxc4 Bxc5 31. Qe6+ Kg7 32. Bd5 Qf8 33. Qd7+ Kh8 34. Re1 Rd8 35. Qc7 Bd6 36. Qb6 Qf6 37. Qxa5 f4 38. Re6 Qg5 39. h4 Qxg3 40. Qxd8+ Kg7 41. Qf6+ 1-0

[Event "Titled Tuesday intern op 11th Jan"]
[Site "Chess.com INT"]
[Date "2022.01.11"]
[Round "11"]
[White "Piorun, Kacper"]
[Black "Sadhwani, Raunak"]
[Result "1-0"]
[WhiteElo "2641"]
[BlackElo "2616"]
[PlyCount "73"]
[EventDate "2022.01.11"]
[EventType "swiss (blitz)"]
[EventRounds "11"]
[EventCountry "USA"]
[SourceTitle "CBM 206 Extra"]
[Source "ChessBase"]
[SourceDate "2022.03.31"]
[SourceVersion "1"]
[SourceVersionDate "2022.03.31"]
[SourceQuality "1"]

1. Nf3 d5 2. g3 Nc6 3. Bg2 e5 4. d3 f6 5. O-O Be6 6. c4 ({RR} 6. a3 Qd7 7. e4 dxe4 8. dxe4 O-O-O 9. Qxd7+ {½-½ (9) Georgiev,V (2552)-Miladinovic,I (2533) Cutro 2003}) 6... dxc4 7. Qa4 $146 ({RR} 7. dxc4 Qxd1 8. Rxd1 Bxc4 9. Nc3 Bb4 10. Nd2 Be6 11. Nb5 O-O-O 12. a3 Bc5 13. b4 Bb6 14. Bb2 Nge7 15. Rac1 a6 16. Nc3 Nd4 17. e3 Nb3 18. Nxb3 Bxb3 19. Re1 Rd2 20. Ba1 Rhd8 21. a4 Nd5 {Ankit Ray (2288)-Weishaeutel,M (2401) chess.com INT 2025 1-0 (50)}) 7... cxd3 8. Rd1 Bd6 9. Rxd3 Nge7 10. Nc3 O-O 11. Ne4 Bf7 12. Be3 Nd5 13. Rad1 Nxe3 14. fxe3 Qe7 15. Nxd6 cxd6 16. Rxd6 Rfd8 17. Rxd8+ Qxd8 18. Rxd8+ Rxd8 19. h4 Be6 20. Qb5 Rd7 21. Ne1 h5 22. Bxc6 bxc6 23. Qxc6 Bg4 24. Nd3 Rd8 25. Kf2 Rc8 26. Qd5+ Kh8 27. Nc5 Rb8 28. b3 Rf8 29. Qd6 Re8 30. Qc7 Kh7 31. Qxa7 Rd8 32. Qa5 Rd1 33. Qc3 Rh1 34. Kg2 Rh3 35. a4 g5 36. hxg5 h4 37. gxh4 1-0

[Event "Tata Steel-A 84th"]
[Site "Wijk aan Zee"]
[Date "2022.01.25"]
[Round "9"]
[White "Giri, Anish"]
[Black "Shankland, Samuel L"]
[Result "1-0"]
[WhiteElo "2772"]
[BlackElo "2708"]
[Annotator "Giri,Anish"]
[PlyCount "67"]
[EventDate "2022.01.15"]
[EventType "tourn"]
[EventRounds "13"]
[EventCountry "NED"]
[EventCategory "20"]
[SourceTitle "CBM 206"]
[Source "ChessBase"]
[SourceDate "2022.02.28"]
[SourceVersion "1"]
[SourceVersionDate "2022.02.28"]
[SourceQuality "1"]

{[%evp 0,67,43,8,8,-5,7,7,23,5,-4,-4,-4,-20,3,20,22,22,22,-27,-27,-16,-17,-19,9,26,26,14,20,15,47,32,39,41,43,43,43,38,34,9,21,16,19,26,38,49,49,49,73,55,106,86,126,122,164,158,175,175,207,171,228,203,257,265,360,296,297,308,311,332]} 1. Nf3 d5 2. g3 {I didn't want to have any theoretical battle on that day and did not mind a long game. The Reti opening is very fitting for that.} g6 3. Bg2 Bg7 4. O-O {White allows Black to grab the center, but the fight for it will resume later. Alternatively 4.d4 is the main-move, leading to the symmetrical Grunfeld.} e5 5. d3 Nc6 6. e4 {It's time to make a move in the center. It does allow a trade of queens though.} dxe4 7. dxe4 Qxd1 8. Rxd1 {The endgame is symmetrical, but there is a lot of life left in the position. My main hopes were connected to the fact that the knight on c6 is a bad piece, after the eventual c3, restricting it. This is a common theme also from the Italian game, the opening that is very dear to me (1.e4 e5 2.Nf3 Nc6 3.Bc4).} Bg4 9. c3 Nf6 10. Nbd2 O-O-O {Same goes for the plan with long castle. It is not clear where the king is better placed, but bring the rook across to the d-file in one go (compared to 0-0 and Rfd8, which loses a move) was tempting.} 11. Re1 {Moving out of the pins and preparing Nc4.} Bh6 {A clever idea, intending to trade the dark squared bishops. Looking at the e4 and e5 pawns this seems to be a good idea, but it does cost Black some time.} 12. Nc4 {The trade of the bishops was anyway inevitable.} Bxc1 13. Raxc1 Bxf3 {Black gives up the bishop, not wanting to worry about any Ng5 stuff. A small concession, but since White doesn't have the bishop pair, not a big deal.} 14. Bxf3 Ne8 $146 {Natural regroupment, the knight is heading to d6. Black wants to potentially reinforce the e5 pawn with f7-f6.} ({RR} 14... Nd7 15. Rcd1 Nb6 16. Bg4+ Kb8 17. Nxb6 axb6 18. Rd5 h5 19. Bh3 f6 20. Red1 Rxd5 21. Rxd5 Rd8 22. Rd7 Rxd7 23. Bxd7 Ne7 24. Be8 c6 25. f3 Kc7 26. Kf2 Kd6 27. Bf7 b5 28. h4 g5 29. Bxh5 {Shevchenko,K (2649)-Basso,P (2503) Sant Boi ESP 2022 1-0 (47)}) 15. Rcd1 {I spent a long time choosing between two ideas here, trading on d6, as in the game, or preparing to meet Nd6 with Ne3. Both seemed to give a very, very minor edge to me and while in both cases I felt it can evaporate quickly, finally I settled on what I did in the game. In hindsight, it was a good choice.} Nd6 16. Bg4+ {Kicking the king back before trading, wins a tempo.} Kb8 17. Nxd6 Rxd6 18. Rxd6 {I didn't hesitate. Without creating the minor imbalance in the pawn structure, I didn't believe in my chances.} cxd6 19. Re3 $1 {Putting some pressure on Black, as Rf3 is a threat now. Black's issue is that his kingside pawn structure is a little bit meh.} Kc7 $2 {Black decides for some reason to delay h5 and puts his pieces in a very uncomfortable position.} (19... h5 {was natural and better. Black perhaps didn't want to place pawns on the light squares, creating potential targets, but I feel it's more important to keep good piece coordination at this point, with rooks still on the board.} 20. Be2 Kc7 {and I thought it's important that Black has the idea of pushing f7-f5, which even though creates a weakness on h5, gives him some counterplay in the center. White's edge here is very minimal.}) 20. Rf3 Nd8 {Understandably this may seem likely temporary, but still, a very awkward square for the knight.} 21. h4 $1 {Preventing h5-h4, after which the h8 rook would get some breathing air along the h-file. Now Black risks to get suffocated, as it is surprisingly hard to kick the White rook away from f6 once it lands there. Then White has easy ways to improve the position, centralizing the king, and advancing the queenside pawns, with final blow being inevitable. Not waiting to die a slow death, Black chooses a desperate, yet a very strong practical pawn sacrifice.} d5 $1 {A good start at succesfully solving the problems that Black had created for himself with delaying h5.} 22. exd5 f5 23. Bh3 Kd6 (23... Nf7 $5 {Bringing the knight into the game was a fine way to play, when I would be definitely very tempted to change the charachter of play and sacrifice the piece.} 24. Bxf5 $5 gxf5 25. Rxf5 {With three pawns already and likely a very annoying pin after 25...Rf8, White has more than enough for the pieces, though Black should be able to hold this with perfect play.}) (23... b6 {This was Sam's suggestion after the game. Black isn't losing here and it's a huge improvement on the game, but to say that he is totally fine here would be an exaggeration.} 24. g4 f4 {White can choose to play slowly, or try to force the matters with a nice practical try.} 25. d6+ Kxd6 26. Rd3+ Ke7 27. g5 {And the rook is about to penetrate, though with 27...h6! Black starts getting some counterplay, which is likely enough to hold in the end, with perfect play. Though it is quite on the edge already.}) 24. c4 b6 $2 {This is the losing mistake. Things just don't work, as Black had likely missed the Ra3-Rb3 idea altogether and certainly with the inclusion of 25.g4! f4. Black had to play something else, for example 24...Nf7.} (24... Nf7 $1 {Bringing the knight into the game was the best way to play.} 25. Bf1 {a sample line.} e4 26. Ra3 Ra8 27. f4 exf3 28. Rxf3 Ne5 29. Ra3 b6 {White is up a pawn, but Black does have a decent defensive setup here, with a blockade. White could also try something else on move 25. Perhaps 25.g4!? or 25.Ra3.}) 25. g4 $1 {Down the forced line, the inclusion of g4-f4 is hugely in White's favor.} Nf7 {Desperation. With two pawns in the bag the rest turned out to be within my powers.} (25... f4 26. Ra3 $1 {it would appear as though a5 is what Black wants anyway, but with the knight so badly placed on d8, he has concrete issues here.} a5 27. Rb3 Kc7 28. d6+ Kxd6 29. Rxb6+ {and the point of including g4 f4 is that now 29...Nc6 is met by 30.Bg2! and there is no e4, with pawn not being on f5 to protect it.}) 26. gxf5 g5 27. Ra3 {Black still has the a5 Rb3 issue with his soft queenside pawns.} gxh4 {Attempt at counterplay, but there isn't enough.} 28. Rxa7 Ng5 29. Kg2 {The simplest. The idea is that after 29...Rg8 30.f6! there isn't any good discovery checks for Black.} Rc8 30. b3 b5 {Allowing a forced win, as White can trade down into an even simpler endgame. At this point Black had no good defense anyway.} 31. Ra6+ Kd7 32. f6+ Nxh3 33. Kxh3 bxc4 34. Rc6 {The rook endgame is easily winning with many passed pawns, some of which will be connected.} 1-0

[Event "Titled Tuesday intern op 18th Jan"]
[Site "Chess.com INT"]
[Date "2022.01.18"]
[Round "5"]
[White "Obolenskikh, Dmitry Aleksandrovi"]
[Black "Beerdsen, Thomas"]
[Result "1-0"]
[WhiteElo "2543"]
[BlackElo "2508"]
[PlyCount "56"]
[EventDate "2022.01.18"]
[EventType "swiss (blitz)"]
[EventRounds "11"]
[EventCountry "USA"]
[SourceTitle "CBM 206 Extra"]
[Source "ChessBase"]
[SourceDate "2022.03.31"]
[SourceVersion "1"]
[SourceVersionDate "2022.03.31"]
[SourceQuality "1"]

1. Nf3 h6 2. e4 g5 3. d4 g4 ({RR} 3... Bg7 4. h3 d6 5. Bd3 c5 6. c3 Qc7 7. Be3 Nd7 8. Nbd2 Ngf6 9. Nf1 Nh5 10. g3 Nhf6 11. g4 b6 12. Ng3 Bb7 13. Qc2 a6 14. Qe2 e6 15. Nd2 b5 16. h4 gxh4 17. Rxh4 Nb6 18. dxc5 {Grigoriants,S (2587)-Rapport,R (2720) Reykjavik 2016 ½-½}) ({RR} 3... Bg7 4. h4 g4 5. Ne5 d6 6. Nxg4 Bxg4 7. Qxg4 Bxd4 8. Nd2 Qd7 9. Qe2 Nf6 10. Nf3 Bb6 11. a4 a6 12. c3 Ng4 13. Be3 Nxe3 14. fxe3 Nc6 15. O-O-O O-O 16. g4 Qe6 17. Qc2 Ne5 18. Nd4 {Zhizmer,Y (2295)-Llorente Zaro,A (2433) chess.com INT 2024 0-1 (45)}) 4. Ne5 ({RR} 4. Nh4 h5 5. h3 d5 6. e5 c5 7. dxc5 Nc6 8. Bf4 Bh6 9. Bxh6 Nxh6 10. Bb5 Be6 11. c3 Qc7 12. Qd4 Rg8 13. Nd2 Qa5 14. a4 gxh3 15. gxh3 Qc7 16. Qf4 Rh8 17. Ndf3 O-O-O 18. O-O-O Na5 {Terry,R (2520)-Beerdsen,T (2523) chess.com INT 2023 1-0 (57)}) 4... h5 5. h3 $146 ({RR} 5. Bc4 e6 6. O-O d6 7. Nd3 Bg7 8. e5 dxe5 9. dxe5 Nc6 10. Bf4 Nge7 11. Bb5 Ng6 12. Bxc6+ bxc6 13. Qd2 Ba6 14. Re1 Bxd3 15. cxd3 Qd4 16. Be3 Qxe5 17. Nc3 Qf5 18. Ne4 h4 19. Rac1 h3 {Caruana,F (2792)-Beerdsen,T (2508) Chess.com INT 2022 0-1 (58)}) 5... d6 6. Nd3 Bg7 7. c3 Nf6 8. Nd2 b6 9. e5 dxe5 10. Nxe5 gxh3 11. g3 Bb7 12. Rxh3 Nbd7 13. Ndf3 Ng4 14. Bb5 c6 15. Nxf7 Qc7 16. Nxh8 cxb5 17. Rxh5 O-O-O 18. Ng6 e5 19. Rh4 exd4 20. Rxg4 Re8+ 21. Kf1 Qc4+ 22. Kg1 Qc6 23. Ngh4 Bf6 24. Bg5 Rh8 25. Bxf6 Nxf6 26. Rxd4 Nd5 27. Rxd5 Qxd5 28. Qxd5 Bxd5 1-0

[Event "Titled Tuesday intern op 18th Jan"]
[Site "Chess.com INT"]
[Date "2022.01.18"]
[Round "7"]
[White "Nakamura, Hikaru"]
[Black "Hakobyan, Aram"]
[Result "1-0"]
[WhiteElo "2736"]
[BlackElo "2602"]
[PlyCount "83"]
[EventDate "2022.01.18"]
[EventType "swiss (blitz)"]
[EventRounds "11"]
[EventCountry "USA"]
[SourceTitle "CBM 206 Extra"]
[Source "ChessBase"]
[SourceDate "2022.03.31"]
[SourceVersion "1"]
[SourceVersionDate "2022.03.31"]
[SourceQuality "1"]

1. Nf3 Nf6 2. b3 c5 3. Bb2 d5 4. e3 a6 5. d4 cxd4 ({RR} 5... Nc6 6. dxc5 e6 7. c4 Bxc5 8. cxd5 exd5 9. Be2 O-O 10. O-O Ba7 11. Nc3 d4 12. exd4 Nxd4 13. Nxd4 Bxd4 14. Bf3 Rb8 15. Qd2 Bg4 16. Bxg4 Nxg4 17. Qf4 Qf6 18. Qg3 Rbd8 19. Ne4 Qf5 20. Bxd4 {Nakamura,H (2750)-Vidit,S (2723) Chess.com INT 2022 ½-½ (37)}) 6. Nxd4 ({RR} 6. exd4 Bg4 7. Be2 Nc6 8. Nbd2 e6 9. O-O Bd6 10. Ne5 Bf5 11. c4 O-O 12. a3 Qb8 13. Ndf3 dxc4 14. Bxc4 Rd8 15. Qe2 Bxe5 16. Nxe5 Nxe5 17. dxe5 Nd5 18. Rfd1 Nb6 19. h3 Qc7 20. Rac1 Rxd1+ {Ajay,K (2401)-Hakobyan,A (2619) chess.com INT 2024 0-1 (32)}) 6... Qc7 ({RR} 6... e6 7. Be2 Bb4+ 8. c3 Bd6 9. c4 dxc4 10. Bxc4 Bb4+ 11. Bc3 Bxc3+ 12. Nxc3 b5 13. Be2 Bb7 14. Bf3 Qe7 15. O-O O-O 16. Rc1 Rd8 17. Qe2 Bxf3 18. Qxf3 Ra7 19. a4 b4 20. Ne4 Nd5 21. Qg3 {Rasulov,V (2536)-Rastbod,A (2221) chess.com INT 2024 1-0 (39)}) 7. Nd2 $146 ({RR} 7. Be2 e5 8. Nf3 Nc6 9. O-O Be6 10. Nbd2 Rd8 11. Qc1 Bd6 12. h3 O-O 13. c4 d4 14. e4 Bb4 15. a3 d3 16. axb4 dxe2 17. Re1 Nxb4 18. Bxe5 Qc5 19. Rxe2 Nh5 20. Nf1 f6 21. Bh2 Rd3 {Gomez Ledo,R (2432)-Gete Rodriguez,I (2070) Benalmadena ESP 2023 1-0 (31)}) 7... e5 8. N4f3 Nc6 9. c4 Be6 10. cxd5 Bxd5 11. a3 Rd8 12. Qc2 Qb8 13. Bc4 Be7 14. O-O O-O 15. Rfd1 Rd7 16. Bxd5 Rxd5 17. Nc4 Rc5 18. b4 Rb5 19. Rac1 e4 20. Nfd2 Rh5 21. h3 b5 22. Bxf6 Bxf6 23. Qxe4 Nxb4 24. axb4 Rh4 25. f4 bxc4 26. Rxc4 Re8 27. Qf3 g6 28. Ne4 Be7 29. g4 Qb5 30. Rcd4 Qa4 31. Kg2 Qa2+ 32. R1d2 Qa4 33. g5 h6 34. gxh6 Rxh6 35. Nf2 Rh5 36. e4 Bf8 37. e5 Bg7 38. Ne4 Kh8 39. Rd8 Rf8 40. Ng5 Kg8 41. Qd5 Rxd8 42. Qxf7+ 1-0

[Event "Titled Tuesday intern op 25th Jan"]
[Site "Chess.com INT"]
[Date "2022.01.25"]
[Round "4"]
[White "Nakamura, Hikaru"]
[Black "Vokhidov, Shamsiddin"]
[Result "1-0"]
[WhiteElo "2736"]
[BlackElo "2536"]
[PlyCount "73"]
[EventDate "2022.01.25"]
[EventType "swiss (blitz)"]
[EventRounds "11"]
[EventCountry "USA"]
[SourceTitle "CBM 206 Extra"]
[Source "ChessBase"]
[SourceDate "2022.03.31"]
[SourceVersion "1"]
[SourceVersionDate "2022.03.31"]
[SourceQuality "1"]

1. Nf3 d5 2. e3 c5 3. b3 a6 4. Bb2 Nc6 5. d4 Nf6 6. Nbd2 cxd4 ({RR} 6... Bg4 7. h3 Bh5 8. Be2 e6 9. O-O Rc8 10. a3 cxd4 11. exd4 Be7 12. c4 dxc4 13. bxc4 O-O 14. Rc1 Qb6 15. Qb3 Qxb3 16. Nxb3 Rfd8 17. Rfd1 Nd7 18. d5 exd5 19. cxd5 Na7 20. Na5 Nc5 21. g4 {Caruana,F (2781)-Aronian,L (2785) Saint Louis 2022 ½-½ (40)}) ({RR} 6... Bg4 7. dxc5 e6 8. h3 Bh5 9. c4 Bxc5 10. cxd5 exd5 11. Be2 O-O 12. O-O Re8 13. a3 a5 14. Re1 Ne4 15. Nxe4 dxe4 16. Nd2 Bxe2 17. Qxe2 Qe7 18. Red1 Rad8 19. Nf1 Qe6 20. Qb5 b6 21. Ng3 {Boyer,M (2509)-Shimanov,A (2593) chess.com INT 2025 1-0 (35)}) 7. Nxd4 Bg4 ({RR} 7... Nxd4 8. Bxd4 Bg4 9. Be2 Bxe2 10. Qxe2 e6 11. O-O Bb4 12. c3 Ba5 13. e4 O-O 14. Rfd1 Rc8 15. Rac1 Bb6 16. e5 Nd7 17. Nf3 Qe7 18. h4 Rc7 19. Qe3 Bc5 20. c4 Ba3 21. Rb1 dxc4 22. bxc4 {Nakamura,H (2750)-Aronian,L (2785) Chess.com INT 2022 ½-½ (125)}) 8. Nxc6 $146 ({RR} 8. Be2 Bxe2 9. Qxe2 Rc8 10. c4 e6 11. O-O Be7 12. Rfd1 O-O 13. Nxc6 Rxc6 14. e4 dxc4 15. Nxc4 Qc8 16. Rac1 Rd8 17. Rxd8+ Bxd8 18. Rd1 Be7 19. f3 h6 20. g3 b5 21. Ne3 Nd7 22. Kg2 Bf6 {Indjic,A (2610)-Kantor,G (2520) Ajka HUN 2024 1-0 (38)}) 8... bxc6 9. Be2 Bxe2 10. Qxe2 g6 11. Bxf6 exf6 12. O-O Bg7 13. c4 O-O 14. Rfd1 f5 15. Rac1 Qa5 16. cxd5 cxd5 17. Nf3 Rfc8 18. g3 Bf6 19. Kg2 Kg7 20. h4 h5 21. Rc2 Rxc2 22. Qxc2 Rd8 23. Rd2 Rd7 24. Qd3 Qb4 25. Qxa6 Rd6 26. Qd3 Qa5 27. Rc2 Qa8 28. Nd4 Ra6 29. a4 Rb6 30. Rc5 Rb4 31. Rb5 Rxb5 32. Qxb5 Qd8 33. Nf3 Qd6 34. a5 d4 35. exd4 f4 36. a6 Bxd4 37. Qd3 1-0

[Event "Titled Tuesday intern op 25th Jan"]
[Site "Chess.com INT"]
[Date "2022.01.25"]
[Round "8"]
[White "Nakamura, Hikaru"]
[Black "Sjugirov, Sanan"]
[Result "1-0"]
[WhiteElo "2736"]
[BlackElo "2680"]
[PlyCount "65"]
[EventDate "2022.01.25"]
[EventType "swiss (blitz)"]
[EventRounds "11"]
[EventCountry "USA"]
[SourceTitle "CBM 206 Extra"]
[Source "ChessBase"]
[SourceDate "2022.03.31"]
[SourceVersion "1"]
[SourceVersionDate "2022.03.31"]
[SourceQuality "1"]

1. Nf3 d5 2. b3 Bf5 3. g3 ({RR} 3. Ba3 Nd7 4. c4 e6 5. Bxf8 Nxf8 6. d3 Nf6 7. g3 h6 8. Bg2 N8d7 9. O-O O-O 10. Qc1 c6 11. Qb2 Re8 12. Nbd2 e5 13. cxd5 cxd5 14. Rac1 Qb6 15. h3 Qe6 16. Kh2 Qd6 17. Rfd1 Bh7 {Carlsen,M (2853)-Giri,A (2768) Warsaw POL 2023 ½-½ (59)}) ({RR} 3. Nh4 Bd7 4. g3 e5 5. Bb2 Nc6 6. Bg2 Be6 7. O-O Qd7 8. d3 g5 9. Nf3 f6 10. c4 Nge7 11. Nc3 h5 12. h4 g4 13. Nd2 O-O-O 14. a3 Bh6 15. cxd5 Nxd5 16. Nde4 Qe7 17. b4 Nxc3 {Boyer,M (2531)-Paravyan,D (2621) chess.com INT 2025 0-1 (36)}) 3... e6 4. Bb2 ({RR} 4. Nh4 Bg4 5. h3 Bh5 6. Bb2 Nd7 7. d3 Ngf6 8. g4 Bg6 9. Nd2 Bd6 10. e3 Qe7 11. a3 e5 12. Bg2 c6 13. Qe2 O-O-O 14. b4 Rhe8 15. c4 Kb8 16. Nb3 e4 17. Nxg6 hxg6 18. c5 Bc7 {Nakamura,H (2736)-Vrolijk,L (2480) Chess.com INT 2020 1-0 (34)}) 4... h6 $146 ({RR} 4... Nf6 5. Nh4 Be4 6. f3 Bg6 7. Nxg6 hxg6 8. Bg2 Bc5 9. c4 d4 10. b4 Bxb4 11. Qa4+ Nc6 12. f4 Qd7 13. Bxc6 Qxc6 14. Qxc6+ bxc6 15. Bxd4 O-O-O 16. Bc3 Be7 17. d3 Ng4 18. Nd2 Nxh2 19. Kf2 {Giampa,A (2227)-Tristan,L (2456) Villa Martelli 2018 0-1 (44)}) 5. Bg2 Nf6 6. Ne5 Be7 7. d3 Bh7 8. Nd2 O-O 9. O-O a5 10. a3 Nbd7 11. Nxd7 Nxd7 12. c4 c6 13. Qc2 Bf6 14. b4 Qb6 15. Bxf6 Nxf6 16. Qc3 axb4 17. axb4 Nd7 18. Nb3 Rfd8 19. Rfb1 Bg6 20. Ra5 Rxa5 21. bxa5 Qa7 22. Qb4 dxc4 23. Qxc4 Ra8 24. h3 Nf6 25. Bf3 Nd5 26. Kg2 Kh8 27. h4 Kg8 28. h5 Bh7 29. Nc5 Qxa5 30. Rxb7 Qd8 31. Nd7 Qg5 32. Qb3 Rd8 33. Rb8 1-0